Southville International School and Colleges
Your cart is empty.
  • Cart
  • Lists
    Public lists Eva Luna New books Lux_list list_1
    Your lists Log in to create your own lists
  • Log in to your account
  • Your cookies
  • Search history
Southville International School and Colleges
  • Advanced search
  • Recent comments
  • Most popular
  • Libraries

Log in to your account

Log in with GOOGLE


If you do not have an external account, but do have a local account, you can still log in:

  1. Home
  2. MARC view: The Cold War :
Normal view MARC view ISBD view

The Cold War : (Record no. 3047)

[ view plain ]
MARC details
000 -LEADER
fixed length control field 01226cam a22003494a 4500
001 - CONTROL NUMBER
control field 13865875
003 - CONTROL NUMBER IDENTIFIER
control field OSt
005 - DATE AND TIME OF LATEST TRANSACTION
control field 20140310181747.0
008 - FIXED-LENGTH DATA ELEMENTS--GENERAL INFORMATION
fixed length control field 050209s2005 nyuab b 001 0 eng
010 ## - LIBRARY OF CONGRESS CONTROL NUMBER
LC control number 2005042138
020 ## - INTERNATIONAL STANDARD BOOK NUMBER
International Standard Book Number 081296716X
040 ## - CATALOGING SOURCE
Original cataloging agency DLC
Transcribing agency DLC
Modifying agency DLC
042 ## - AUTHENTICATION CODE
Authentication code pcc
050 00 - LIBRARY OF CONGRESS CALL NUMBER
Classification number D 843
Item number .C875 2005
082 00 - DEWEY DECIMAL CLASSIFICATION NUMBER
Classification number 909.82/5
-- 22
245 04 - TITLE STATEMENT
Title The Cold War :
Remainder of title a military history /
Statement of responsibility, etc edited by Robert Cowley.
250 ## - EDITION STATEMENT
Edition statement 1st ed.
260 ## - PUBLICATION, DISTRIBUTION, ETC. (IMPRINT)
Place of publication, distribution, etc New York :
Name of publisher, distributor, etc Random House,
Date of publication, distribution, etc c2005.
300 ## - PHYSICAL DESCRIPTION
Extent xvi, 478 p. :
Other physical details ill., maps ;
Dimensions 25 cm.
650 #0 - SUBJECT ADDED ENTRY--TOPICAL TERM
Topical term or geographic name as entry element Cold War.
650 #0 - SUBJECT ADDED ENTRY--TOPICAL TERM
Topical term or geographic name as entry element Military history
Chronological subdivision 20th century.
700 1# - ADDED ENTRY--PERSONAL NAME
Personal name Cowley, Robert.
856 42 - ELECTRONIC LOCATION AND ACCESS
Materials specified Contributor biographical information
Uniform Resource Identifier <a href="http://www.loc.gov/catdir/enhancements/fy0701/2005042138-b.html">http://www.loc.gov/catdir/enhancements/fy0701/2005042138-b.html</a>
856 42 - ELECTRONIC LOCATION AND ACCESS
Materials specified Publisher description
Uniform Resource Identifier <a href="http://www.loc.gov/catdir/enhancements/fy0701/2005042138-d.html">http://www.loc.gov/catdir/enhancements/fy0701/2005042138-d.html</a>
856 41 - ELECTRONIC LOCATION AND ACCESS
Materials specified Sample text
Uniform Resource Identifier <a href="http://www.loc.gov/catdir/enhancements/fy0701/2005042138-s.html">http://www.loc.gov/catdir/enhancements/fy0701/2005042138-s.html</a>
906 ## - LOCAL DATA ELEMENT F, LDF (RLIN)
a 7
b cbc
c orignew
d 1
e ocip
f 20
g y-gencatlg
942 ## - ADDED ENTRY ELEMENTS (KOHA)
Source of classification or shelving scheme Library of Congress Classification
Koha item type Books
Holdings
Withdrawn status Lost status Damaged status Home library Current library Shelving location Date acquired Total Checkouts Full call number Barcode Date last seen Copy number Price effective from Koha item type
      Luxembourg Library Luxembourg Library International Baccalaureate Section 06/24/2013   D 843 .C875 2005 15490 08/13/2013 1 06/24/2013 Books
      Luxembourg Library Luxembourg Library International Baccalaureate Section 06/24/2013   D 843 .C875 2005 15491 08/13/2013 2 06/24/2013 Books
      Luxembourg Library Luxembourg Library International Baccalaureate Section 06/24/2013   D 843 .C875 2005 15492 08/13/2013 3 06/24/2013 Books

The Cold War :

APA

Cowley R., . (2005). The Cold War. New York: Random House.

Chicago

Cowley Robert, . 2005. The Cold War. New York: Random House.

Harvard

Cowley R., . (2005). The Cold War. New York: Random House.

MLA

Cowley Robert, . The Cold War. New York: Random House. 2005.

  • Place hold
  • Print
  • Cite
  • Add to your cart (remove)
  • Save record
    BIBTEX Dublin Core MARCXML MARC (non-Unicode/MARC-8) MARC (Unicode/UTF-8) MARC (Unicode/UTF-8, Standard) MODS (XML) RIS
  • More searches
    Search for this title in:
    Other Libraries (WorldCat) Other Databases (Google Scholar) Online Stores (Bookfinder.com) Open Library (openlibrary.org)

Exporting to Dublin Core...

SOUTHVILLE LIBRARY

Southville International School and Colleges Library

1281 Tropical Ave. Cor. Luxembourg St., BF Homes International, Las Pinas City

Tel. No. 8256374 / 252358 Loc. 117/146

Powered by Koha